George Washington correspondence, (Record no. 42934)
[ view plain ]
| 000 -LEADER | |
|---|---|
| fixed length control field | 00973cpcaa2200265 a 4500 |
| 001 - CONTROL NUMBER | |
| control field | mm 80074617 |
| 003 - CONTROL NUMBER IDENTIFIER | |
| control field | DLC |
| 005 - DATE AND TIME OF LATEST TRANSACTION | |
| control field | 20260227111705.0 |
| 008 - FIXED-LENGTH DATA ELEMENTS--GENERAL INFORMATION | |
| fixed length control field | 801216|||||||||||| eng |
| 010 ## - LIBRARY OF CONGRESS CONTROL NUMBER | |
| LC control number | mm 80074617 |
| 040 ## - CATALOGING SOURCE | |
| Original cataloging agency | DLC |
| Transcribing agency | DLC |
| Modifying agency | DLC |
| Description conventions | dacs |
| 072 #7 - SUBJECT CATEGORY CODE | |
| Subject category code | F |
| Source | lcmd |
| 100 1# - MAIN ENTRY--PERSONAL NAME | |
| Personal name | Washington, George, |
| Dates associated with a name | 1732-1799. |
| 245 00 - TITLE STATEMENT | |
| Title | George Washington correspondence, |
| Inclusive dates | 1748-1783. |
| 300 ## - PHYSICAL DESCRIPTION | |
| Extent | 1 |
| Type of unit | microfilm reel. |
| 506 0# - RESTRICTIONS ON ACCESS NOTE | |
| Terms governing access | Open to research. |
| 533 ## - REPRODUCTION NOTE | |
| Type of reproduction | Microfilm of originals in the Fairfax family papers, Gays House (Berkshire, England). |
| 535 1# - LOCATION OF ORIGINALS/DUPLICATES NOTE | |
| Custodian | Gays House, |
| Postal address | Berkshire, England |
| 545 0# - BIOGRAPHICAL OR HISTORICAL DATA | |
| Biographical or historical data | U.S. president, U.S. Army officer, and patriot. |
| 600 10 - SUBJECT ADDED ENTRY--PERSONAL NAME | |
| Personal name | Washington, George, |
| Dates associated with a name | 1732-1799 |
| Form subdivision | Correspondence. |
| 600 30 - SUBJECT ADDED ENTRY--PERSONAL NAME | |
| Personal name | Fairfax family. |
| 656 #7 - INDEX TERM--OCCUPATION | |
| Occupation | Army officers. |
| Source of term | itoamc |
| 656 #7 - INDEX TERM--OCCUPATION | |
| Occupation | Presidents |
| Geographic subdivision | United States. |
| Source of term | itoamc |
No items available.